Ciencia y música / (Record no. 84547)

MARC details
000 -LEADER
campo de control de longitud fija 00678nam a2200217 i 4500
001 - NÚMERO DE CONTROL
campo de control 84547
003 - IDENTIFICADOR DE NÚMERO DE CONTROL
campo de control ES-MaACL
005 - FECHA Y HORA DE LA ÚLTIMA TRANSACCIÓN
campo de control 20250823004922.0
007 - CAMPO FIJO DE DESCRIPCIÓN FÍSICA--INFORMACIÓN GENERAL
campo de control de longitud fija t|
008 - DATOS DE LONGITUD FIJA--INFORMACIÓN GENERAL
campo de control de longitud fija 041123s1946 sp f |||| | spa d
100 1# - ENTRADA PRINCIPAL--NOMBRE DE PERSONA
Nombre de persona Jeans, James.
9 (RLIN) 170765
245 10 - MENCIÓN DEL TÍTULO
Título Ciencia y música /
Mención de responsabilidad, etc. James Jeans ; [traducción del inglés por Pedro Reverté].
250 ## - MENCION DE EDICION
Mención de edición 1ª ed.
260 ## - PUBLICACIÓN, DISTRIBUCIÓN, ETC.
Lugar de publicación, distribución, etc. [Barcelona] :
Nombre del editor, distribuidor, etc. Agora,
Fecha de publicación, distribución, etc. 1946 (
Fabricante Casa Provincial de Caridad)
300 ## - DESCRIPCIÓN FÍSICA
Extensión VIII, 268 p., 11 lám. ;
Dimensiones 20 cm.
650 #7 - PUNTO DE ACCESO ADICIONAL DE MATERIA--TÉRMINO DE MATERIA
Término de materia o nombre geográfico como elemento de entrada Música
Fuente del encabezamiento o término embne
9 (RLIN) 15376
650 07 - PUNTO DE ACCESO ADICIONAL DE MATERIA--TÉRMINO DE MATERIA
Término de materia o nombre geográfico como elemento de entrada Acústica musical
Fuente del encabezamiento o término embne
9 (RLIN) 9606
700 1# - ENTRADA AGREGADA--NOMBRE PERSONAL
Nombre de persona Reverté, Pedro.
9 (RLIN) 96415
852 ## - LOCALIZACIÓN
Ubicación ES-MaACL
Número de control de estantería B-12816
Holdings
Estatus retirado Estado de pérdida Estado de daño No para préstamo Biblioteca de origen Biblioteca actual Ubicación en estantería Fecha de adquisición Fuente de adquisición Total de préstamos Signatura topográfica completa Código de barras Visto por última vez Precio de reemplazo Tipo de ítem Koha
        Biblioteca del Ateneo de Madrid Biblioteca del Ateneo de Madrid Sala Pardo Bazán 17/01/2008     B-12816 1088354 23/02/2023 23/02/2023 Libro impreso